000 00866nam a2200229 i 4500
001 bg
100 1 _aHASKI, Ksawery
245 1 0 _aDokumentacja i ewidencja pracownicza :
_bzestaw podstawowych wzorów z praktycznym komentarzem i zasadami prowadzenia dla pracodawców w świetle znowelizowanych przepisów prawa pracy i ubezpieczeń społecznych oraz innych aktów prawnych /
_cKsawery Haski.
250 _aStan prawny na dzień 1 sierpnia 1997 r.
260 _aSkierniewice :
_bSigma,
_c1997.
300 _a118 s. ;
_c30 cm.
500 _aWykaz ważniejszych przepisów na s. 113-118.
650 9 _aKadry
_xdokumentacja
_zPolska
655 _aTablice i wzory
020 _a8386145641
040 _cBPK
041 0 _apl
080 _a349.3:368.4+349.2:651](438)(083)
920 _a83-86145-64-1
942 _cKS
008 s pl f |000 0 pol
999 _c32487
_d32487
856 _uhttp://koha.tu.koszalin.pl/cgi-bin/koha/opac-detail.pl?biblionumber=32487
_yKatalog online BPK